Novo dicionr̀io jurd̕ico

Bibliographic Details
Main Author: Florn̊cio, Gilbert Ronald Lopes
Format: eBook
Language:Portuguese
Published: Sô Paulo : Editoria mundo jurd̕ico 2010
Subjects:
Online Access:http://www.vlex.com/source/6905

MARC

LEADER 00000nam a22000007a 4500
005 20130117171315.0
007 cr|||| ||||
008 130117e2010 bl |||||s|||| 00||0 por d
020 |a 978-85-88576-88-9 
035 |a 6905 
040 |a vLex 
090 |c 3532  |d 3532 
100 1 0 |a Florn̊cio, Gilbert Ronald Lopes 
245 1 0 |a Novo dicionr̀io jurd̕ico  |h [Recurso electrn̤ico] 
256 |a Servicio en ln̕ea 
260 |a Sô Paulo :  |b Editoria mundo jurd̕ico  |c 2010 
300 |a 1 Recurso electrn̤ico 
650 0 4 |a Derecho  |v Diccionarios 
740 |a vLex Libros (Servicio en ln̕ea) 
856 |a Acceso restringido  |u http://www.vlex.com/source/6905 
942 |c BOOK 
999 0 |a Law 
999 0 |a Dictionaries